000 00645nam a22002052 4500
001 0000009521
005 20151217152056.0
008 081103s xx 000 0 eng d
020 _a0802829589 :
_cKES 1050
040 _aKABU
_cKABU
100 1 _aAbraham, William J.
_@0000161078
245 1 0 _aCrossing the threshold of divine revelation /
_cWilliam J. Abraham.
260 _aCambridge, U. K. :
_bWm. B. Eerdmans,
_c2006.
300 _axiv, 198 p.
650 0 _aChristianity
_xPhilosophy.
_@0000157001
650 0 _aPhilosophical theology.
_@0000161079
908 _a081103
950 _@1
999 _c7947
_d7947